| 000 | 01249cam a22003497a 4500 | ||
|---|---|---|---|
| 003 | CHAP | ||
| 005 | 20220817043638.0 | ||
| 008 | 000324d1992 mx r 00110 eng d | ||
| 010 | _a80517 | ||
| 011 | _a81489 | ||
| 035 | _a91961 | ||
| 040 | _cCHAP | ||
| 090 | _aFolleto 15926 | ||
| 100 | 0 | 0 |
_aMeisner, Craig A. _974223 |
| 245 | 1 | 0 |
_aImpact of crop management research in Bangladesh : _bimplications of CIMMYT's involvement since 1983 _c/by Craig A. Meisner |
| 260 |
_aMéxico, D. F. : _bCentro Internacional de Mejoramiento de Maíz y Trigo, _c1992. |
||
| 300 | _a15 p. | ||
| 410 | _aCentro Internacional de Mejoramiento de Maíz y Trigo | ||
| 490 | 0 |
_aInforme especial de trigo _v; 3 |
|
| 590 |
_aBATCH-UPD _b10 _c20130110 _lUCH01 _h0435 |
||
| 590 |
_aBATCH-UPD _b10 _c20130410 _lUCH01 _h0111 |
||
| 590 |
_aBATCH-UPD _b10 _c20130914 _lUCH01 _h1639 |
||
| 590 |
_aCONVERSION _b10 _c20130109 _lUCH01 _h1345 |
||
| 650 | 1 | 4 |
_aTrigo _xBangladesh. _9114984 |
| 650 | 1 | 4 |
_aTrigo _xInvestigación. _9115046 |
| 810 | _aCentro Internacional de Mejoramiento de Maíz y Trigo | ||
| 830 | 0 | 0 |
_aInforme especial de trigo _v; 3 _958133 |
| 901 | _aBK | ||
| 905 | _aLilia Sánchez G. | ||
| 942 | _cFOLL | ||
| 949 |
_aFolleto 15926 _bBC _cFOLL _d919611 _eTS1 _i91961 _sb |
||
| 999 |
_c80517 _d80517 |
||